[Event "Capablanca Memorial op-B 48th"]
[Site "Havana"]
[Date "2013.04.28"]
[Round "7"]
[White "Cuenca Gomez, Jesus"]
[Black "Jimenez Valdivia, Lianet"]
[Result "1-0"]
[WhiteElo "1953"]
[BlackElo "1840"]
[PlyCount "83"]
[EventDate "2013.04.21"]
[EventType "swiss"]
[EventRounds "9"]
[EventCountry "CUB"]
[SourceTitle "CBM 154 Extra"]
[Source "ChessBase"]
[SourceDate "2013.06.25"]
[SourceVersion "2"]
[SourceVersionDate "2013.06.25"]
[SourceQuality "1"]

1. e4 e6 2. d4 d5 3. Nd2 Nf6 4. e5 Nfd7 5. Bd3 c5 6. c3 Nc6 7. Ne2 Qb6 8. Nf3 Be7 9. 0-0 0-0 10. Nf4 h6 11. Bc2 Nd8 12. Qd3 f5 13. exf6 Nxf6 14. Ng6 Re8 15. Nxe7+ Rxe7 16. Bxh6 gxh6 17. dxc5 Qxc5 18. Qg6+ Rg7 19. Qxf6 Nf7 20. Bg6 Qf8 21. Bh5 Bd7 22. Nh4 Ng5 23. Qxf8+ Rxf8 24. Ng6 Rf6 25. f4 Ne4 26. Ne5 Bb5 27. Rf3 Nd6 28. Ng4 Rf8 29. Nxh6+ Kh8 30. Rh3 Rh7 31. Bg6 Rxh6 32. Rxh6+ Kg7 33. Rh4 Kxg6 34. Re1 Kf6 35. Rh6+ Kf5 36. Rexe6 Ne4 37. Re5+ Kxf4 38. Rxd5 Ba6 39. Rh3 Kg4 40. Rd1 Rf7 41. Re3 Nf2 42. Rd2 1-0

[Event "Capablanca Memorial op-B 48th"]
[Site "Havana"]
[Date "2013.04.24"]
[Round "4"]
[White "Jimenez Valdivia, Lianet"]
[Black "Lopez Raygoza, Luis Alberto"]
[Result "0-1"]
[WhiteElo "1840"]
[BlackElo "1994"]
[PlyCount "62"]
[EventDate "2013.04.21"]
[EventType "swiss"]
[EventRounds "9"]
[EventCountry "CUB"]
[SourceTitle "CBM 154 Extra"]
[Source "ChessBase"]
[SourceDate "2013.06.25"]
[SourceVersion "2"]
[SourceVersionDate "2013.06.25"]
[SourceQuality "1"]

1. d4 Nf6 2. c4 e6 3. Nc3 Bb4 4. Bd2 c5 5. dxc5 Bxc5 6. Nf3 a6 7. e4 Ng4 8. Be3 Nxe3 9. fxe3 Bxe3 10. Qd3 Bc5 11. Be2 Nc6 12. a3 Be7 13. 0-0 d6 14. Kh1 0-0 15. Nd4 Bd7 16. Bd1 Rc8 17. Nxc6 Bxc6 18. Bc2 Qc7 19. Rad1 Rfd8 20. Rf3 Bf8 21. Rdf1 Be8 22. b3 b5 23. c5 dxc5 24. Qe3 b4 25. Ne2 bxa3 26. Bb1 Qe5 27. R3f2 c4 28. Qh3 cxb3 29. Qxb3 Rb8 30. Qh3 Rxb1 31. Rxb1 a2 0-1

[Event "Capablanca Memorial op-B 48th"]
[Site "Havana"]
[Date "2013.04.22"]
[Round "2"]
[White "Jimenez Valdivia, Lianet"]
[Black "Cabrera Ladron de Guevara, Mayra"]
[Result "0-1"]
[WhiteElo "1840"]
[BlackElo "2016"]
[PlyCount "52"]
[EventDate "2013.04.21"]
[EventType "swiss"]
[EventRounds "9"]
[EventCountry "CUB"]
[SourceTitle "CBM 154 Extra"]
[Source "ChessBase"]
[SourceDate "2013.06.25"]
[SourceVersion "2"]
[SourceVersionDate "2013.06.25"]
[SourceQuality "1"]

1. d4 Nf6 2. c4 g6 3. Nc3 Bg7 4. Nf3 d6 5. h3 0-0 6. e4 e5 7. d5 Nbd7 8. Bg5 h6 9. Be3 Nh5 10. Qd2 Kh7 11. g3 a6 12. Be2 Qe8 13. Nh4 Ndf6 14. g4 Nf4 15. Bxf4 exf4 16. Qxf4 g5 17. Qg3 gxh4 18. Qxh4 Qe5 19. 0-0-0 Kg8 20. f3 b5 21. Rd2 Nd7 22. Qf2 Qf4 23. Bd3 Nc5 24. Kb1 bxc4 25. Bc2 Rb8 26. Bd1 Nd3 0-1